| 000 | 00786nam a2200229 a 4500 | ||
|---|---|---|---|
| 001 | 65589 | ||
| 003 | BD-RjUL | ||
| 005 | 20211209081437.0 | ||
| 008 | 170308s1976 BG |||| |||| 00| 0 ben d | ||
| 020 | _c:TK. 9.00 | ||
| 035 | _a(BD-RjUL)65719 | ||
| 040 |
_aBD-RjUL _bben _cBD-RjUL |
||
| 041 | _aben | ||
| 082 |
_223 _aB 891.443 _bRAA 1976 |
||
| 100 | 1 |
_a রহমান, হাসান হাফিজুর _9147021 |
|
| 245 | 1 | 0 |
_aআরো দুটি মৃত্যু / _cহাসান হাফিজুর রহমান |
| 260 |
_aঢাকা : _bমুক্তধারা, _c১৯৭৬ |
||
| 300 |
_a১২৪ পৃ ; _c২১ সেমি. |
||
| 650 |
_aবাংলা উপন্যাস _9146440 |
||
| 650 |
_aBengali Fiction _9146441 |
||
| 942 |
_2ddc _cBK |
||
| 999 |
_c65589 _d65589 |
||